God`s Heroes (Record no. 5545)

MARC details
000 -LEADER
fixed length control field 00558nam a2200241 a 4500
020 ## - INTERNATIONAL STANDARD BOOK NUMBER
ISBN
082 00 - DEWEY DECIMAL CLASSIFICATION NUMBER
Classification number 201
Author Cutter WAR
100 ## - MAIN ENTRY--AUTHOR NAME
Author name Warne, F W
245 ## - TITLE STATEMENT
Title God`s Heroes
Sub title Our Examples
260 ## - PUBLICATION, DISTRIBUTION, ETC. (IMPRINT)
Place of publication London
Name of publisher Epworth Press
Year of publication 0000
300 ## - PHYSICAL DESCRIPTION
Number of Pages 111p
500 ## - GENERAL NOTE
General note includes index and biblioraphy
505 2# - FORMATTED CONTENTS NOTE
Formatted contents note Ill
650 ## - SUBJECT ADDED ENTRY--TOPICAL TERM
Topical Term Christian-Biography
942 ## - ADDED ENTRY ELEMENTS (KOHA)
Koha item type Books
700 1# -
-- Warne, F W
Holdings
Collection code Home library Current library Date acquired Cost, normal purchase price Full call number Accession Number Koha item type
  Henry Martyn Institute Library Henry Martyn Institute Library 06/13/2007 100.00 201 WAR 06682 Books
                   Copyright © 2026 | Henry Martyn Institute | Hyderabad | TS-500052 | INDIA | Implemented by hmi.edu.in
Hit-Count:

Powered by Koha